000 00796nam a2200205Ii 4500
003 JO-AjNU
008 230605s9999||||xx |||||||||||||| ||und||
040 _aJO-AjNU
_bara
_erda
_cJO-AjNU
041 _aara
050 1 4 _aPJ7555 .I27 2005
100 3 _aتاليف العلوي، محمد أحمد بن طباطبا؛ شرح وتحقيق عباس عبد الستار؛ مراجعة نعيم زرزور,
_eauthor
_927133
245 0 0 _aعيار الشعر
250 _aط2
264 3 1 _aبيروت: دار الكتب العلمية، 2005
300 _a171ص
_bيشتمل على كشافات من (135-171) ص
336 _atext
_btxt
_2rdacontent
337 _aunmediated
_bn
_2rdamedia
338 _avolume
_bnc
_2rdacarrier
650 4 _aالشعر العربي - تاريخ ونقد
_927134
999 _aA10368
_c13936
_d13936